Central Library OPAC University of Rajshahi

Islam Europe and Empire (Record no. 32957)

MARC details
000 -LEADER
fixed length control field 01079nam a22002891 4500
001 - CONTROL NUMBER
control field 32957
003 - CONTROL NUMBER IDENTIFIER
rucl marc code BD-RjUL
005 - DATE AND TIME OF LATEST TRANSACTION
control field 20211209051924.0
008 - FIXED-LENGTH DATA ELEMENTS--GENERAL INFORMATION
fixed length control field 140429s1966 stkacfh b 001 0 eng d
035 ## - SYSTEM CONTROL NUMBER
System control number (BD-RjUL)33047
040 ## - CATALOGING SOURCE
Original cataloging agency DLC
Transcribing agency OTU
Modifying agency OCoLC
-- Uk
-- DLC
-- BD-RjUL
Language of cataloging eng
041 ## - LANGUAGE CODE
Language code of text/sound track or separate title eng
082 00 - DEWEY DECIMAL CLASSIFICATION NUMBER
Classification number 301.29176704
Author mark and year DAI 1966
100 1# - MAIN ENTRY--PERSONAL NAME
Personal name Daniel, Norman.
9 (RLIN) 100174
245 10 - TITLE STATEMENT
Title Islam Europe and Empire
Statement of responsibility, etc. by Norman Daniel,
260 ## - PUBLICATION, DISTRIBUTION, ETC. (IMPRINT)
Place of publication, distribution, etc. Edinburgh :
Name of publisher, distributor, etc. Edinburgh U.P.,
Date of publication, distribution, etc. 1966.
300 ## - PHYSICAL DESCRIPTION
Pagination xvii, 619 p. :
Illustrations illus., 34 plates (incl. facsims., ports.) ;
Size 23 cm.
490 1# - SERIES STATEMENT
Series statement [Edinburgh University publications; language and literature series,
Volume/sequential designation no. 15]
504 ## - BIBLIOGRAPHY, ETC. NOTE
Bibliography, etc Include index and Bibliography: p. 566-594.
650 #0 - SUBJECT ADDED ENTRY--TOPICAL TERM
Topical term or geographic name as entry element Islam
General subdivision Relations
-- Christianity.
9 (RLIN) 5519
Topical term or geographic name as entry element Christianity and other religions
General subdivision Islam.
9 (RLIN) 5518
651 #0 - SUBJECT ADDED ENTRY--GEOGRAPHIC NAME
Geographic name Islamic countries
General subdivision Foreign public opinion, European.
9 (RLIN) 100175
Geographic name Europe
General subdivision Relations
Geographic subdivision Islamic countries.
9 (RLIN) 100176
Geographic name Islamic countries
General subdivision Relations
Geographic subdivision Europe.
9 (RLIN) 100177
942 ## - ADDED ENTRY ELEMENTS (KOHA)
Source of classification or shelving scheme Dewey Decimal Classification
Koha item type Books
Holdings
Lost status Source of classification or shelving scheme Damaged status Not for loan Collection code Permanent Location Current Location Shelving location Date acquired Total Checkouts Full call number Date last seen Copy number Koha item type Source of acquisition Cost, normal purchase price
  Dewey Decimal Classification     Non-fiction Central Library, University of Rajshahi Central Library, University of Rajshahi   29/04/2014   301.29176704 DAI 1966 29/04/2014 C-2 Books    
  Dewey Decimal Classification   Not For Loan Non-fiction Central Library, University of Rajshahi Central Library, University of Rajshahi Reading Room 30/07/1970   301.29176704 DAI 1966 06/12/2016 C-1 Books Zeitlinger 70.00